Local and remote microcirculatory effects of transient ischemia of the lower extremities in rats

Elmentve itt :
Bibliográfiai részletek
Szerző: Garab Dénes
További közreműködők: Szabó Andrea (Témavezető)
Dokumentumtípus: Disszertáció
Megjelent: 2014-12-08
Tárgyszavak:
doi:10.14232/phd.2504

mtmt:2834105
Online Access:http://doktori.ek.szte.hu/2504
LEADER 01110nta a2200229 i 4500
001 dokt2504
005 20200417151157.0
008 141206s2014 hu om 0|| eng d
024 7 |a 10.14232/phd.2504  |2 doi 
024 7 |a 2834105  |2 mtmt 
040 |a SZTE Doktori Repozitórium  |b hun 
041 |a eng 
100 1 |a Garab Dénes 
245 1 0 |a Local and remote microcirculatory effects of transient ischemia of the lower extremities in rats  |h [elektronikus dokumentum] /  |c  Garab Dénes 
246 1 0 |a Az átmeneti alsó végtagi iszkémia lokális és távoli mikrokeringési hatásai patkányban  |h [elektronikus dokumentum] 
260 |c 2014-12-08 
502 |a Disszertacio 
650 4 |a elméleti orvostudományok 
700 1 |a Szabó Andrea  |e ths 
856 4 0 |u https://doktori.bibl.u-szeged.hu/id/eprint/2504/3/GarabDenes-Ph.D_ertekezes..pdf  |z Dokumentum-elérés  
856 4 0 |u https://doktori.bibl.u-szeged.hu/id/eprint/2504/1/Garab_D_Tezisf%C3%BCzet%28ENG%29.pdf  |z Dokumentum-elérés  
856 4 0 |u https://doktori.bibl.u-szeged.hu/id/eprint/2504/2/Garab_Denes_T%C3%A9zisf%C3%BCzet%28HU%29%282%29.pdf  |z Dokumentum-elérés